Každá odroda "nepasuje" na kŕmne účely

Bibliographic Details
Main Author: Rückschloss, Ľubomír (Author)
Format: Article
Language:Slovak
ISSN:1335-440X
Subjects:

MARC

LEADER 00000nab a2200000 ar4500
001 vtls008878243
003 SK-MaSNL
005 20260304233850.0
008 061114c20061006xo |||||||||||000 b|slo
015 |a SNBRB2006/11  |2 snkbucl 
038 |a SNKBUCL 
040 |a SNKBUCL  |b slo  |c SNKBUCL  |e AACR2 
041 0 |a slo 
044 |a xo  |c SK 
080 |a 633.1:636.085  |2 1997 
080 |a 636.085  |2 1997 
100 1 |a Rückschloss, Ľubomír  |4 aut  |9 777495 
245 1 0 |a Každá odroda "nepasuje" na kŕmne účely  |c Ľubomír Rückschloss 
650 0 7 |a výživa hospodárskych zvierat  |2 snkbucl  |9 2833 
650 0 7 |a kŕmne plodiny  |2 snkbucl  |9 1293361 
650 0 7 |a obilniny  |2 snkbucl  |9 19007 
650 0 7 |a kvalita  |2 snkbucl  |9 1150 
773 0 |t Sme. Roľnícke noviny  |g Č. 230 (6.10.2006)  |x 1335-440X 
773 0 8 |i Príl.:  |t Roľnícke noviny  |g Č. 41 (6.10.2006), s. 11 
852 |a SNK  |b KIS3GCP 
999 |c 3200544  |d 3202474